000 03346nam\a2200313\a\4500
001 57759
005 20260412114302.0
008 260412s2022 nju 001 0 eng
020 _a9781119808893
_q(cloth)
020 _z9781119808909
_q(adobe pdf)
020 _z9781119808879
_q(epub)
040 _aDLC
_beng
_erda
_cDLC
_dBD-DhIUB
082 0 0 _a332.66
_223
_bP626f
100 1 _aPignataro, Paul,
_eauthor.
245 1 0 _aFinancial modeling and valuation :
_ba practical guide to investment banking and private equity /
_cPaul Pignataro.
250 _aSecond edition.
260 _aNew Jersey:
_bJohn Wiley & Sons ,Inc.
263 _a2022
300 _apages cm.
490 0 _aWiley finance series
500 _aIncludes index.
520 _a"The markets are vast and complex not only in the U.S. but globally. Everyone wants to make money. Yet, throughout the past years we have faced tremendous market swings rendering investors (and their money) in a sea of lost hopes, and few investors with a plethora of wealth. Many of these market anomalies and swings are dependent, and in a sense dictated, by the investor -- you. The investor sets the current stock price. The reaction of the investor determines the success of an IPO, an equity offering. Yes, the collective psychology of the market as a whole plays a major role, but if the everyday investor was better equipped with the proper tools to understand the underlying fundamentals of a rational investment, smarter investment decisions would be made, more rational investments will be made, and the markets would be a more efficient environment. This book sets to give any investor the fundamental tools to help determine if a stock investment is a rational one. The new edition of "Financial Modeling and Valuation" will be updated for 2020 and will be based on the new retail leader Amazon as opposed to Wal-Mart. A great introductory "thesis" to best transition from the old version to the new version will be based on the shift of the entire retail industry. There's a connection from old "mom and pop" produce companies of the early 1800s to the Great Atlantic and Pacific Company (A&P) to Wal-Mart, and now to Amazon in the progression of a "Retail Wheel". This is a great segway into the new book and can end with a though piece on where we will go next. Of course the focus of the book is technical but a couple of pages as an intro can give great context to the book. This book will give you the ability to build a financial model soup to nuts. You will not only build the core three statements - income statement, cash flow statement, balance sheet - but the three major supporting schedule necessary for full company valuation and analysis. A core explanation of each line item is included in addition to tips and techniques to use each line item as a tool to value and manage a business. Finally, applications are learned to fully understand a model's use including pricing a stock, raising debt, and raising equity"--
526 _aSBE
_bfin
_lREF
541 _aRisaam
650 0 _aInvestment banking.
776 0 8 _iOnline version:
_aPignataro, Paul.
_tFinancial modeling and valuation
_bSecond edition.
_dHoboken, New Jersey : John Wiley & Sons, [2022]
_z9781119808909
_w(DLC) 2021056644
942 _2ddc
_cBK
999 _c57759
_d57933